000 00747nam a2200205Ii 4500
003 JO-AjNU
008 230605s9999||||xx |||||||||||||| ||und||
040 _aJO-AjNU
_bara
_erda
_cJO-AjNU
041 _aara
050 1 4 _aBP166.72.R38 2005
100 3 _aتاليف الراوي، مسارع حسن,
_eauthor
_912994
245 0 0 _aمكونات الطبيعة البشرية عبر التاريخ وموقف الإسلام من الإنسان
250 _aط2
264 3 1 _aعمان: دار الياقوت، 2005
300 _a230ص
336 _atext
_btxt
_2rdacontent
337 _aunmediated
_bn
_2rdamedia
338 _avolume
_bnc
_2rdacarrier
650 4 _aالطبيعة البشرية - جوانب اجتماعية - الاسلام
_912995
999 _aA3118
_c6686
_d6686